000 00960pam a2200277 a 4500
001 2506745
005 20251030102550.0
008 920925s1993 caua b 000 0deng c
020 _a080394795X
_qcl.
020 _a0803945493
_qpbk.
020 _a9780803945494
_q(pbk.)
050 0 0 _aRT84.5
_b.B85 1993
082 0 0 _a610.73
_220
100 1 _aBunting, Sheila.
245 1 0 _aRosemarie Parse :
_btheory of health as human becoming /
_cSheila Bunting.
260 _aNewbury Park :
_bSage Publications,
_cc1993.
300 _axi, 55 p. :
_bill. ;
_c23 cm.
440 0 _aNotes on nursing theories ;
_vv. 5
650 0 _aNursing
_xPhilosophy.
650 2 _aNursing Care.
650 2 _aNursing Theory.
650 2 _aPhilosophy, Nursing.
856 4 2 _3Publisher description
_uhttp://www.loc.gov/catdir/enhancements/fy0655/92049481-d.html
856 4 1 _3Table of contents only
_uhttp://www.loc.gov/catdir/enhancements/fy0655/92049481-t.html
942 _2lcc
_cBK
_n0
999 _c7932
_d7932